000 01369nam a2200229Ia 4500
003 Ost
005 20260507075127.0
008 260507s9999||||xx |||||||||||||| ||und||
020 _a2102119957
040 _cfsecg
041 _aara
082 _a330
100 _aرمضان، زياد سليم
_eمؤلف
245 0 _aالإتجاهات المعاصرة في إدارة البنوك /
_c زياد سليم رمضان
250 _aطبعة 2
260 _aعمان:
_bدار وائل للنشر,
_c2003
300 _a333 صفحة؛
_bإيضاحات ؛
_c24 سم
520 _aالمصارف التجارية-بعض وظائف المصرف التجاري الحديثة-القوائم المالية للمصرف التجاري-مصادر تمويل المصرف التجاري-تنمية وإدارة مصادر تمويل المصرف التجاري-أسس تشغيل موارد المصرف التجاري-موجودات أو أشكال توظيفات الموارد-أشكال توظيفات موارد المصرف التجاري للتوظيفات غير النقدية-النواحي الإدارية في المصرف-مؤسسات الأقراض المتخصصة-التحليل المالي والتسويق المصرفي.
653 _aإدارة البنوك
700 _a محفوظ، أحمد جودة
_eمؤلف ثانوي
942 _cكتاب
999 _c43174
_d43174